000 00477nam a22001817a 4500
003 CEME
005 20210628204052.0
008 210107b xxu||||| |||| 00| 0 eng d
020 _a9788120336308
040 _cceme
082 _a621.3815372 KUM
100 _aKumar, A. Anand
_957201
245 _aSwitching theory and logic design
260 _aNEW DELHI
_bPHI LEARNING
_c2012
300 _aXIX, 695P
650 _aSWITCHING THEORY.LOGIC DESIGN
_968565
942 _cBK
_2ddc
999 _c576109
_d576109